[Event "Napoli Porreca Memorial 3rd"]
[Site "Napoli"]
[Date "2013.10.10"]
[Round "3"]
[White "Pellegrino, Carlo"]
[Black "Greco, Aniello"]
[Result "1/2-1/2"]
[WhiteElo "1446"]
[BlackElo "1572"]
[PlyCount "57"]
[EventDate "2013.09.26"]
[EventType "swiss"]
[EventRounds "7"]
[EventCountry "ITA"]
[SourceTitle "EXT 2015"]
[Source "ChessBase"]
[SourceDate "2014.11.20"]
[SourceVersion "1"]
[SourceVersionDate "2014.11.20"]
[SourceQuality "1"]

1. d4 g6 2. e4 d6 3. Nf3 Bg7 4. c3 Nf6 5. Nbd2 0-0 6. Bd3 Nbd7 7. 0-0 e5 8. Re1 c6 9. a4 Qc7 10. b3 Re8 11. Bf1 d5 12. Ba3 b6 13. Rc1 Bb7 14. b4 exd4 15. Nxd4 Nxe4 16. Nxe4 Rxe4 17. Rxe4 dxe4 18. Qg4 Nf6 19. Qh4 Qe5 20. Re1 c5 21. bxc5 bxc5 22. Ne2 Nh5 23. g4 Bf6 24. Qh3 Qg5 25. Bc1 e3 26. Bxe3 Qd5 27. Bg2 Qxg2+ 28. Qxg2 Bxg2 29. Kxg2 1/2-1/2